[Event "Pardubice op rapid 29th"]
[Site "Pardubice"]
[Date "2018.07.19"]
[Round "5"]
[White "Movsesian, Sergei"]
[Black "Shyam, Sundar M"]
[Result "1-0"]
[WhiteElo "2635"]
[BlackElo "2527"]
[PlyCount "81"]
[EventDate "2018.07.18"]
[EventType "swiss (rapid)"]
[EventRounds "9"]
[EventCountry "CZE"]
[SourceTitle "CBM 185 Extra"]
[Source "ChessBase"]
[SourceDate "2018.07.29"]
[SourceVersion "1"]
[SourceVersionDate "2018.07.29"]
[SourceQuality "1"]

1. Nf3 d5 2. g3 g6 3. Bg2 Bg7 4. O-O e5 5. d3 Ne7 6. e4 O-O 7. Nbd2 Nbc6 8. c3 a5 9. a4 h6 10. Re1 ({RR} 10. Qc2 Be6 11. b3 g5 12. Ba3 Re8 13. Rfe1 Ng6 14. exd5 Bxd5 15. h3 f5 16. Nc4 e4 17. dxe4 Bxe4 18. Qb2 Qd3 19. Re3 Qd7 20. Rae1 Rad8 21. Qe2 Kh7 22. Ncd2 Bxf3 23. Nxf3 Rxe3 24. Qxe3 Qd3 {Harikrishna,P (2727)-Bacrot,E (2718) Beijing 2014 ½-½ (75)}) 10... Re8 11. Qc2 ({RR} 11. exd5 Nxd5 12. Nc4 Bf5 13. Nh4 Be6 14. Qb3 Rb8 15. Qc2 g5 16. Nf3 Bf5 17. Nfd2 Bg6 18. Ne4 f5 19. Nc5 b6 20. Nb3 Qd7 21. Bd2 Rbd8 22. Rad1 Nde7 23. Bc1 Kh7 24. Ne3 g4 25. Nc4 Nd5 {Ferey,A (2236)-Hansen,S (2513) chess.com INT 2024 1-0 (52)}) ({RR} 11. h3 b6 12. exd5 Nxd5 13. d4 exd4 14. Rxe8+ Qxe8 15. Nxd4 Nxd4 16. Bxd5 Ne2+ 17. Kh2 c6 18. Bg2 Nxc1 19. Rxc1 Be6 20. Qe2 Rd8 21. Re1 b5 22. axb5 cxb5 23. Ne4 b4 24. Qa6 bxc3 25. bxc3 Qa4 {Movsesian,S (2718)-Fridman,D (2649) Warsaw 2009 ½-½}) 11... b6 $146 ({RR} 11... Be6 12. b3 Qd7 13. Bb2 Rad8 14. Rad1 f5 15. exd5 Nxd5 16. Nc4 Bf7 17. Re2 Nb6 18. Nxb6 cxb6 19. Red2 Qc8 20. c4 g5 21. d4 e4 22. Ne5 Nxe5 23. dxe5 Rxd2 24. Qxd2 Bxe5 25. Bxe5 Rxe5 26. h4 {Bitensky,I (2377)-Parkhov,Y (2370) Petah Tikva 2020 1-0 (52)}) ({RR} 11... Be6 12. b3 Qd7 13. Bb2 Rad8 14. Rad1 f5 15. exd5 Nxd5 16. Nc4 Bf7 17. Re2 Nb6 18. Nxb6 cxb6 19. Red2 Qc8 20. c4 g5 21. d4 e4 22. Ne5 Nxe5 23. dxe5 Rxd2 24. Qxd2 Bxe5 25. Bxe5 Rxe5 26. h4 {Bitensky,I (2377)-Parkhov,Y (2370) Petah Tikva 2020 1-0 (52)}) 12. b3 Ba6 13. Ba3 d4 14. cxd4 Nxd4 15. Nxd4 Qxd4 16. Nc4 Qd7 17. Ne3 c5 18. Rad1 Bb7 19. Bb2 h5 20. Nc4 Qc7 21. f4 Nc6 22. f5 Rad8 23. Rf1 Ba6 24. Qc1 Kh7 25. Rf3 Bh6 26. Qb1 Nd4 27. Bxd4 cxd4 28. Rdf1 Re7 29. Kh1 Bxc4 30. bxc4 Rd6 31. Bh3 Bg5 32. Qb5 Kg7 33. fxg6 fxg6 34. Rf8 Rd8 35. Rxd8 Qxd8 36. Qd5 Qc7 37. Be6 Kh6 38. Rf8 h4 39. Rc8 Qb7 40. Rh8+ Kg7 41. Qxe5+ 1-0

[Event "Pardubice op rapid 29th"]
[Site "Pardubice"]
[Date "2018.07.19"]
[Round "9"]
[White "Movsesian, Sergei"]
[Black "Geller, Jakov"]
[Result "1-0"]
[WhiteElo "2635"]
[BlackElo "2518"]
[PlyCount "137"]
[EventDate "2018.07.18"]
[EventType "swiss (rapid)"]
[EventRounds "9"]
[EventCountry "CZE"]
[SourceTitle "CBM 185 Extra"]
[Source "ChessBase"]
[SourceDate "2018.07.29"]
[SourceVersion "1"]
[SourceVersionDate "2018.07.29"]
[SourceQuality "1"]

1. Nf3 e6 2. g3 b5 3. Bg2 Bb7 4. O-O Nf6 5. d3 c5 6. e4 d6 7. Nbd2 Be7 8. a4 b4 9. Re1 Nc6 10. Nc4 O-O 11. a5 $146 ({RR} 11. Bf4 Rc8 12. e5 dxe5 13. Nfxe5 Nd5 14. Bd2 Bf6 15. h4 Rc7 16. h5 h6 17. Qg4 Kh8 18. Nxc6 Bxc6 19. Ne5 Bb7 20. Rad1 Ne7 21. Bxb7 Rxb7 22. Nc4 Nf5 23. Be3 Qd5 24. Qe4 Rd7 25. b3 Bc3 {Valente,S (1949)-Abrashkin,B (2407) chess.com INT 2024 0-1 (69)}) 11... a6 12. e5 Nxe5 13. Nfxe5 Bxg2 14. Kxg2 dxe5 15. Rxe5 Nd5 16. Qf3 Bf6 17. Re4 Qc7 18. h4 Rad8 19. Bd2 Qc6 20. h5 h6 21. Rae1 Qa4 22. R1e2 Bd4 23. Rg4 Kh8 24. Ne5 Bxe5 25. Rxe5 Qd7 26. Kh2 f6 27. Re1 e5 28. Rc4 Rc8 29. Qe4 Qf7 30. Kg1 Rfd8 31. Qf3 Qd7 32. Ree4 Rc6 33. Rg4 Ne7 34. Be3 Rdc8 35. Rge4 Nf5 36. Qg4 R8c7 37. f4 Nd6 38. Qf3 Nxc4 39. Rxc4 exf4 40. Bxf4 Rc8 41. b3 Re8 42. Be3 Re5 43. Kg2 Qe8 44. Bf2 Rc7 45. g4 Rc8 46. Kf1 Qe6 47. Kg2 Qd5 48. d4 Qxf3+ 49. Kxf3 Rd5 50. dxc5 f5 51. Rxb4 fxg4+ 52. Rxg4 Rd2 53. Bd4 Rc7 54. c3 Rh2 55. Rg6 Rxh5 56. Rxa6 Re7 57. Rg6 Kh7 58. Rg4 Rh3+ 59. Rg3 Rh1 60. b4 g5 61. b5 Rf1+ 62. Kg2 Rb1 63. b6 Kg6 64. Re3 Rb2+ 65. Kf3 Rf7+ 66. Ke4 g4 67. c6 h5 68. c7 Rf8 69. a6 1-0

[Event "chess.com Speed 1m+1spm 2018"]
[Site "Chess.com INT"]
[Date "2018.08.30"]
[Round "1.20"]
[White "Vidit, Santosh Gujrathi"]
[Black "Andriasian, Zaven"]
[Result "1-0"]
[WhiteElo "2718"]
[BlackElo "2591"]
[PlyCount "127"]
[EventDate "2018.07.24"]
[EventType "k.o. (blitz)"]
[EventRounds "4"]
[EventCountry "USA"]
[SourceTitle "CBM 186 Extra"]
[Source "ChessBase"]
[SourceDate "2018.08.24"]
[SourceVersion "1"]
[SourceVersionDate "2018.08.24"]
[SourceQuality "1"]

1. Nf3 d5 2. e3 Nf6 3. c4 g6 4. cxd5 Nxd5 5. d4 Bg7 6. e4 Nf6 ({RR} 6... Nb6 7. Be2 O-O 8. O-O c5 9. d5 e6 10. Nc3 exd5 11. exd5 Bxc3 12. bxc3 Qxd5 13. Nd2 Qe5 14. a4 Rd8 15. Ra3 Nc6 16. a5 Nd5 17. Nc4 Qf6 18. Qb3 Nf4 19. Bf3 Be6 20. Qb5 a6 21. Qa4 {Grischuk,A (2772)-Mamedyarov,S (2799) Riadh 2017 ½-½ (87)}) 7. Nc3 O-O 8. Be2 Bg4 $146 ({RR} 8... b6 9. O-O Bb7 10. Qc2 Nbd7 11. Rd1 Rc8 12. h3 c5 13. d5 Qc7 14. Bg5 a6 15. a4 Rfe8 16. Bh4 Qb8 17. Bg3 Qa8 18. Bc4 Nf8 19. e5 N6d7 20. Qe2 Rcd8 21. Ne1 e6 22. d6 Nb8 23. Nb5 {Kovacevic,B (2415)-Musso,A (2176) Lignano Sabbiadoro ITA 2023 1-0 (81)}) ({RR} 8... b6 9. O-O Bb7 10. Qc2 Nbd7 11. Rd1 Rc8 12. h3 c5 13. d5 Qc7 14. Bg5 a6 15. a4 Rfe8 16. Bh4 Qb8 17. Bg3 Qa8 18. Bc4 Nf8 19. e5 N6d7 20. Qe2 Rcd8 21. Ne1 e6 22. d6 Nb8 23. Nb5 {Kovacevic,B (2415)-Musso,A (2176) Lignano Sabbiadoro ITA 2023 1-0 (81)}) 9. O-O c6 10. Be3 Nbd7 11. e5 Nd5 12. Nxd5 cxd5 13. Qb3 Nb6 14. h3 Be6 15. Rfc1 Qd7 16. Bb5 Qd8 17. a4 Nc4 18. Bxc4 dxc4 19. Qxb7 Bd5 20. Qa6 Qd7 21. Nd2 Rfc8 22. Nxc4 Rab8 23. Nd2 h5 24. b3 Kh7 25. Qd3 Qb7 26. f3 Rd8 27. Rc3 Be6 28. Qe2 Kg8 29. Rac1 Qb4 30. Ne4 Bd5 31. Nc5 h4 32. Na6 Qb6 33. Nxb8 Qxb8 34. Bf2 Qb4 35. Bxh4 Qxd4+ 36. Bf2 Qb4 37. Rd3 e6 38. Rcd1 Rc8 39. Qd2 Qa3 40. Rxd5 exd5 41. Qxd5 Qe7 42. f4 Rc2 43. Qd8+ Bf8 44. Qxe7 Bxe7 45. Rd7 Bb4 46. Rxa7 Rc1+ 47. Kh2 Rc2 48. Rb7 Bd2 49. Bg3 Be3 50. h4 Rc1 51. a5 Ra1 52. b4 Rb1 53. a6 Ra1 54. b5 Ra3 55. h5 gxh5 56. f5 h4 57. Bxh4 Bf4+ 58. g3 Bxe5 59. Kh3 Kg7 60. f6+ Kg6 61. a7 Kf5 62. b6 Ra1 63. Rb8 Rh1+ 64. Kg2 1-0

[Event "chess.com Speed 3m+1spm 2018"]
[Site "Chess.com INT"]
[Date "2018.12.02"]
[Round "4.15"]
[White "Nakamura, Hikaru"]
[Black "So, Wesley"]
[Result "1-0"]
[WhiteElo "2777"]
[BlackElo "2780"]
[PlyCount "83"]
[EventDate "2018.07.24"]
[EventType "k.o. (blitz)"]
[EventRounds "4"]
[EventCountry "USA"]
[SourceTitle "CBM 189 Extra"]
[Source "ChessBase"]
[SourceDate "2019.06.03"]
[SourceVersion "1"]
[SourceVersionDate "2019.06.03"]
[SourceQuality "1"]

1. d3 e5 2. Nf3 Nc6 3. g3 d5 4. Bg2 Nf6 5. O-O h6 6. Nbd2 Be7 7. e4 O-O 8. Re1 dxe4 9. dxe4 a5 10. a4 b6 11. c3 Ba6 12. Bf1 Bxf1 13. Kxf1 Nd7 $146 ({RR} 13... Qd3+ 14. Qe2 Rfd8 15. Nc4 Qd7 16. Ncxe5 Qh3+ 17. Kg1 Nxe5 18. Nxe5 Bd6 19. Nc6 Ng4 20. f3 Bc5+ 21. Nd4 Rxd4 22. cxd4 Bxd4+ 23. Kh1 Nf2+ 24. Kg1 Ng4+ 25. Kh1 Nf2+ 26. Kg1 Nd1+ 27. Kh1 Nf2+ {½-½ (27) Buscar,M (2088)-Ezat,M (2390) Chess.com INT 2022}) ({RR} 13... Qd3+ 14. Qe2 Rfd8 15. Nc4 Qd7 16. Ncxe5 Qh3+ 17. Kg1 Nxe5 18. Nxe5 Bd6 19. Nc6 Ng4 20. f3 Bc5+ 21. Nd4 Rxd4 22. cxd4 Bxd4+ 23. Kh1 Nf2+ 24. Kg1 Ng4+ 25. Kh1 Nf2+ 26. Kg1 Nd1+ 27. Kh1 Nf2+ {½-½ (27) Buscar,M (2088)-Ezat,M (2390) Chess.com INT 2022}) 14. Nc4 Bc5 15. Kg2 Re8 16. Bd2 Qe7 17. Qe2 Qe6 18. Rab1 Be7 19. Be3 Bc5 20. Red1 Red8 21. Rd5 Bxe3 22. Nxe3 Nf6 23. Rxd8+ Rxd8 24. Qc2 g6 25. h3 Ne7 26. b3 Qc6 27. Ng4 Nxg4 28. hxg4 f6 29. Re1 Qd7 30. b4 Qxg4 31. Qb3+ Kf8 32. bxa5 bxa5 33. Qb5 g5 34. Qxa5 Ng6 35. Nh2 Qd7 36. Qc5+ Qd6 37. Qc4 h5 38. a5 h4 39. Ng4 hxg3 40. fxg3 Kg7 41. Ne3 Ne7 42. Rd1 1-0

[Event "chess.com Speed 5m+1spm 2018"]
[Site "Chess.com INT"]
[Date "2018.09.06"]
[Round "1.5"]
[White "Karjakin, Sergey"]
[Black "Duda, Jan Krzysztof"]
[Result "1-0"]
[WhiteElo "2773"]
[BlackElo "2737"]
[PlyCount "65"]
[EventDate "2018.07.24"]
[EventType "k.o. (blitz)"]
[EventRounds "4"]
[EventCountry "USA"]
[SourceTitle "CBM 186 Extra"]
[Source "ChessBase"]
[SourceDate "2018.08.24"]
[SourceVersion "1"]
[SourceVersionDate "2018.08.24"]
[SourceQuality "1"]

1. b3 d5 2. Bb2 c5 3. e3 Nc6 4. Nf3 Nf6 5. Bb5 Bd7 6. c4 a6 7. Bxc6 Bxc6 8. Ne5 Rc8 9. O-O e6 10. d3 Be7 11. Nd2 O-O 12. f4 Nd7 $146 ({RR} 12... b5 13. Qf3 Ba8 14. Qg3 Ne8 15. Rad1 Bf6 16. Ndf3 Nd6 17. Qf2 bxc4 18. bxc4 dxc4 19. Nxc4 Bxb2 20. Qxb2 Bxf3 21. gxf3 Rb8 22. Qc3 Nxc4 23. dxc4 Qe7 24. Qe5 Rb4 25. Kh1 Re8 26. Qe4 g6 27. Rd2 {Schmidt,P (2398)-Delchev,A (2558) Germany 2021 ½-½ (55)}) ({RR} 12... b5 13. Qf3 Ba8 14. Qg3 Ne8 15. Rad1 Bf6 16. Ndf3 Nd6 17. Qf2 bxc4 18. bxc4 dxc4 19. Nxc4 Bxb2 20. Qxb2 Bxf3 21. gxf3 Rb8 22. Qc3 Nxc4 23. dxc4 Qe7 24. Qe5 Rb4 25. Kh1 Re8 26. Qe4 g6 27. Rd2 {Schmidt,P (2398)-Delchev,A (2558) Germany 2021 ½-½ (55)}) 13. Nxc6 Rxc6 14. e4 d4 15. e5 b5 16. Ne4 Rb6 17. Bc1 Qa8 18. Qf3 bxc4 19. bxc4 Rfb8 20. Bd2 g6 21. Be1 Rb2 22. g4 Qb7 23. Bg3 Qc8 24. f5 Qe8 25. fxe6 fxe6 26. Nd6 Bxd6 27. exd6 Rc2 28. Rae1 Kg7 29. Qe4 Rxa2 30. Qxe6 Qxe6 31. Rxe6 Kg8 32. Re7 Rb7 33. Be5 1-0

[Event "Arad op 11th"]
[Site "Arad"]
[Date "2018.08.12"]
[Round "9"]
[White "Vajda, Levente"]
[Black "Balog, Imre1"]
[Result "1-0"]
[WhiteElo "2558"]
[BlackElo "2540"]
[PlyCount "107"]
[EventDate "2018.08.05"]
[EventType "swiss"]
[EventRounds "9"]
[EventCountry "ROU"]
[SourceTitle "CBM 185 Extra"]
[Source "ChessBase"]
[SourceDate "2018.07.29"]
[SourceVersion "1"]
[SourceVersionDate "2018.07.29"]
[SourceQuality "1"]

1. Nf3 d5 2. g3 g6 3. Bg2 Bg7 4. c4 d4 5. O-O e5 6. d3 a5 7. e3 Ne7 8. exd4 exd4 9. Bf4 O-O 10. Na3 $146 ({RR} 10. Be5 Bxe5 11. Nxe5 Na6 12. Nd2 c6 13. Re1 Bf5 14. Qe2 Nb4 15. g4 Bc8 16. Nb3 a4 17. Nxd4 Qxd4 18. Nf3 Qxg4 19. Qxe7 Nxd3 20. h3 Qf5 21. Re3 Nf4 22. Ng5 Be6 23. Be4 Qa5 24. c5 Rae8 {Al Huwar,J (2293)-Brkic,A (2541) Dubai 2009 0-1 (39)}) 10... Na6 11. Re1 Nc5 12. Nb5 Ne6 13. Rxe6 Bxe6 14. Nxc7 Ra7 15. Nxe6 fxe6 16. Qe2 Ra6 17. Ng5 e5 18. Re1 Rf5 19. Bd2 h6 20. Nf3 Nc6 21. Nh4 Rf6 22. Bd5+ Kh7 23. Be4 Qe8 24. f4 Ne7 25. fxe5 Rfe6 26. Nf3 Bxe5 27. Qf2 Nc6 28. g4 Nd8 29. h4 Bg7 30. Nxd4 Bxd4 31. Qxd4 Nf7 32. h5 Ne5 33. Kg2 Rad6 34. hxg6+ Nxg6 35. Qe3 Qf8 36. Rh1 Qg7 37. Rxh6+ Kg8 38. Bd5 Qf6 39. Qg5 Rxd5 40. Qxf6 Rxf6 41. cxd5 Rd6 42. g5 Kf7 43. Rh7+ Kg8 44. Rxb7 Rxd5 45. Kf2 Rxd3 46. Bxa5 Rd5 47. Bc3 Rxg5 48. a4 Nf4 49. a5 Rg6 50. Ke3 Ng2+ 51. Ke4 Kf8 52. Rb6 Rg4+ 53. Kf3 Rg5 54. a6 1-0

[Event "ESP-chT CECLUB Honor"]
[Site "Linares"]
[Date "2018.08.11"]
[Round "6.4"]
[White "Anton Guijarro, David"]
[Black "Mirzoev, Azer"]
[Result "1-0"]
[WhiteElo "2652"]
[BlackElo "2510"]
[PlyCount "101"]
[EventDate "2018.08.06"]
[EventType "team-tourn"]
[EventRounds "7"]
[EventCountry "ESP"]
[SourceTitle "CBM 185 Extra"]
[Source "ChessBase"]
[SourceDate "2018.07.29"]
[SourceVersion "1"]
[SourceVersionDate "2018.07.29"]
[SourceQuality "1"]
[WhiteTeam "Beniajan Duochess CAC"]
[BlackTeam "Oromana Schneider Electric"]
[WhiteTeamCountry "ESP"]
[BlackTeamCountry "ESP"]

1. Nf3 d5 2. b3 Nf6 3. Bb2 c5 4. e3 e6 5. Bb5+ Nbd7 6. O-O Be7 7. c4 ({RR} 7. Be2 O-O 8. c4 b6 9. cxd5 exd5 10. d4 Bb7 11. Nc3 Bd6 12. Bb5 Qe7 13. Qe2 a6 14. Bxd7 Nxd7 15. Rfd1 c4 16. bxc4 dxc4 17. Qxc4 b5 18. Qe2 Nb6 19. Rac1 Rac8 20. Ne5 Qe6 21. Ba1 Rc7 {Cicak,S (2490)-Heberla,B (2512) Sweden SWE 2025 ½-½ (36)}) 7... O-O 8. cxd5 Nxd5 9. Nc3 Nxc3 $146 ({RR} 9... a6 10. Nxd5 exd5 11. Be2 b5 12. Qc2 Rb8 13. Rac1 Re8 14. Rfe1 Bf8 15. Bd3 h6 16. Bh7+ Kh8 17. Bf5 Nf6 18. Bxc8 Rxc8 19. Qf5 Qd7 20. Qxd7 Nxd7 21. d3 Kg8 22. Kf1 f6 23. Re2 Kf7 24. Rec2 {Bergstrom,R (2262)-Ivanov,S (2559) Stockholm 2014 0-1 (40)}) 10. Bxc3 b6 11. a4 Bb7 12. a5 Bf6 13. a6 Bd5 14. Qe2 Qc7 15. Rac1 Rac8 16. Bxd7 Qxd7 17. Bxf6 gxf6 18. e4 Bc6 19. Qe3 Kh8 20. d4 cxd4 21. Nxd4 Rfd8 22. Nxc6 Rxc6 23. Qf3 e5 24. h4 b5 25. Rfd1 Rd6 26. Rd5 Kg7 27. Qg3+ Kf8 28. Qe3 Rxd5 29. exd5 Kg7 30. Qg3+ Kf8 31. Qf3 Qe7 32. Qe4 Kg7 33. Rc3 f5 34. Qxf5 Rxd5 35. Rg3+ Kh8 36. Qg4 Qf8 37. Qe4 Qd6 38. Qg4 Qf8 39. Qe4 Qd6 40. Qf3 Qe6 41. Kh2 h6 42. Qe4 Rd8 43. Re3 Rd4 44. Qxd4 exd4 45. Rxe6 fxe6 46. Kg3 Kg7 47. Kf4 h5 48. Ke4 e5 49. f4 exf4 50. Kxd4 Kf6 51. Ke4 1-0

[Event "Abu Dhabi op 25th"]
[Site "Abu Dhabi"]
[Date "2018.08.14"]
[Round "8"]
[White "Amin, Bassem"]
[Black "Fier, Alexandr"]
[Result "1-0"]
[WhiteElo "2684"]
[BlackElo "2561"]
[PlyCount "77"]
[EventDate "2018.08.07"]
[EventType "swiss"]
[EventRounds "9"]
[EventCountry "UAE"]
[SourceTitle "CBM 185 Extra"]
[Source "ChessBase"]
[SourceDate "2018.07.29"]
[SourceVersion "1"]
[SourceVersionDate "2018.07.29"]
[SourceQuality "1"]

1. Nf3 c5 2. g3 Nf6 3. Bg2 d5 4. O-O g6 5. d3 Bg7 6. Nbd2 O-O 7. e4 Nc6 8. Re1 e5 9. exd5 Nxd5 10. c3 b6 11. Nc4 Re8 12. Ng5 f6 13. Qb3 Nce7 14. Ne4 Be6 15. f4 Nc7 $146 ({RR} 15... h6 16. a4 Nf5 17. fxe5 fxe5 18. a5 Rb8 19. axb6 Nxb6 20. Nxc5 Nxc4 21. Nxe6 Qxd3 22. Nc5 Rxb3 23. Nxd3 Kh8 24. Bd5 Nfd6 25. Rxa7 e4 26. Nf4 g5 27. Nh5 Bf8 28. Nf6 Re7 29. Rxe7 Bxe7 30. Nxe4 {Rahul,S (2460)-Donoso Diaz,S (2203) New Delhi 2019 1-0}) 16. fxe5 fxe5 17. Qc2 Rf8 18. Ng5 Bd5 19. Nxe5 Bxg2 20. Qxg2 Bxe5 21. Rxe5 Qxd3 22. Bf4 Qd7 23. Qe4 Nc6 24. Qc4+ Kg7 25. Ree1 Qf5 26. Rad1 Rae8 27. Rf1 b5 28. Qd3 Qxd3 29. Rxd3 Ne6 30. Nxe6+ Rxe6 31. Bh6+ Kxh6 32. Rxf8 Re1+ 33. Rf1 Re2 34. Rf2 Re1+ 35. Kg2 Ne5 36. Rd5 Ng4 37. Rf4 Ne3+ 38. Kf2 Nxd5 39. Rh4+ 1-0

[Event "Titled Tuesday intern op 7th Aug"]
[Site "Chess.com INT"]
[Date "2018.08.07"]
[Round "7"]
[White "Martirosyan, Haik M"]
[Black "Eljanov, Pavel"]
[Result "1-0"]
[WhiteElo "2597"]
[BlackElo "2706"]
[PlyCount "49"]
[EventDate "2018.08.07"]
[EventType "swiss (blitz)"]
[EventRounds "10"]
[EventCountry "USA"]
[SourceTitle "EXT 2021"]
[Source "ChessBase"]
[SourceDate "2020.10.23"]
[SourceVersion "1"]
[SourceVersionDate "2020.10.23"]
[SourceQuality "1"]

1. Nf3 {Horn,Peter} d5 2. g3 Bg4 3. Bg2 c6 4. O-O Nf6 5. b3 e6 6. Bb2 Nbd7 7. d3 a5 8. a3 Be7 9. e4 ({RR} 9. Nbd2 O-O 10. e4 b5 11. h3 Bh5 12. Qe2 Qb6 13. Rfe1 Rfd8 14. Nf1 Bg6 15. Nh4 Bc5 16. Nxg6 hxg6 17. Ne3 Bd4 18. Bxd4 Qxd4 19. a4 Nc5 20. axb5 cxb5 21. exd5 exd5 22. Red1 a4 23. bxa4 Nxa4 {Vajda,L (2566)-Gonda,L (2546) Hungary 2016 ½-½ (58)}) ({RR} 9. Nbd2 O-O 10. Qe1 b5 11. e4 Bxf3 12. Nxf3 dxe4 13. dxe4 a4 14. e5 Nd5 15. c4 N5b6 16. cxb5 axb3 17. Nd4 c5 18. Nc6 Qe8 19. Nxe7+ Qxe7 20. Bxa8 Rxa8 21. Qe3 c4 22. a4 Rxa4 23. Rxa4 Nxa4 {Topalov,A (2233)-Wadsworth,M (2432) chess.com INT 2023 0-1 (40)}) 9... O-O 10. Qe1 $146 ({RR} 10. Nbd2 b5 11. Qe1 Qb6 12. h3 Bh5 13. Kh1 ({RR} 13. e5 Ne8 14. Nd4 Nc7 15. Ne2 a4 16. Nf4 Bg6 17. Nxg6 fxg6 18. Kh2 b4) 13... a4 14. b4 ({RR} 14. e5 Ne8 15. b4 Nc7 16. Bd4 Qb7 17. Qe3 Rae8 18. Ng1 f6 19. f4 fxe5 20. fxe5 h6 21. Ndf3 Na6) 14... c5 15. exd5 Nxd5 16. c4 N5f6 ({RR} 16... bxc4 17. dxc4) 17. bxc5 ({RR} 17. Ne5 Nxe5 ({RR} 17... cxb4 18. Nxd7 Nxd7 19. Bxa8 Rxa8 20. axb4 Bxb4 21. Qe4) 18. Qxe5) ({RR} 17. d4 cxb4 18. c5 Qa5) 17... Nxc5 18. Ne5 Rac8 19. d4 ({RR} 19. Qe3 bxc4 20. Ndxc4 Qb5) 19... Nd3 20. Qb1 ({RR} 20. Nxd3 bxc4) 20... Nxe5 ({RR} 20... Nxb2 21. Qxb2) 21. dxe5 Nd7 22. cxb5 Be2 ({RR} 22... Qxb5) 23. Re1 Qxb5 24. Bd4 Nc5 {Van Wely,L (2475)-Lukacs,P (2500) Kecskemet 1991 CBM 026 [Horn,Peter] ½-½}) 10... dxe4 11. dxe4 Qc7 12. Nbd2 Rfd8 13. h3 Bh5 14. Nh4 Ne8 15. f4 Bxh4 16. gxh4 f6 17. Nc4 Nd6 18. Ne3 Nc5 19. Ng4 Bxg4 20. hxg4 Qb6 21. Kh1 Nf7 22. g5 e5 23. gxf6 gxf6 24. fxe5 Nxe5 25. Rxf6 1-0

[Event "Titled Tuesday intern op 7th Aug"]
[Site "Chess.com INT"]
[Date "2018.08.07"]
[Round "8"]
[White "Moskalenko, Alexander"]
[Black "Andriasian, Zaven"]
[Result "1-0"]
[WhiteElo "2517"]
[BlackElo "2603"]
[PlyCount "61"]
[EventDate "2018.08.07"]
[EventType "swiss (blitz)"]
[EventRounds "10"]
[EventCountry "USA"]
[SourceTitle "EXT 2021"]
[Source "ChessBase"]
[SourceDate "2020.10.23"]
[SourceVersion "1"]
[SourceVersionDate "2020.10.23"]
[SourceQuality "1"]

1. Nf3 d5 2. c4 d4 3. b4 g5 4. Nxg5 e5 5. d3 Bxb4+ 6. Bd2 Be7 ({RR} 6... a5 7. Nf3 Nc6 8. g3 f5 9. a3 Bc5 10. Bg5 Nf6 11. Nbd2 O-O 12. Bg2 Qe8 13. Bxf6 Rxf6 14. O-O a4 15. Qc2 b6 16. Kh1 Bb7 17. Nh4 Kh8 18. Bd5 Qh5 19. Qd1 Nd8 20. Bxb7 Nxb7 21. e4 {Srihari,L (2498)-Yurtseven,M (2339) chess.com INT 2025 1-0 (75)}) 7. Nf3 Nc6 8. g3 h5 $146 ({RR} 8... Bf5 9. Qb3 Rb8 10. Nxe5 Nf6 11. Nxc6 bxc6 12. Qa4 O-O 13. Bg2 Nd7 14. O-O Nc5 15. Qc2 Bf6 16. Bh6 Re8 17. Bf3 Re6 18. Bf4 Qd7 19. Nd2 Rbe8 20. Nb3 Na4 21. Qd2 R6e7 22. Bg5 Bxg5 23. Qxg5+ {Zaragatski,I (2497)-Burg,T (2511) Netherlands 2017 1-0 (39)}) 9. Bg2 h4 10. gxh4 Bxh4 11. Nxh4 Qxh4 12. Bxc6+ bxc6 13. Qa4 Bd7 14. Qa5 f6 15. Na3 Ne7 16. Qxc7 Nf5 17. Rb1 Rc8 18. Rb8 Ke7 19. Rxc8 Rxc8 20. Qxa7 Ke6 21. Nc2 Qh3 22. Nb4 Qg2 23. Rf1 Ne7 24. Na6 c5 25. Nxc5+ Rxc5 26. Qxc5 Kf7 27. Bb4 Bh3 28. Qxe7+ Kg6 29. Qe8+ Kf5 30. Qc8+ Kg6 31. Qg8+ 1-0

[Event "ARM-ch 1st League 79th"]
[Site "Yerevan"]
[Date "2018.08.10"]
[Round "2"]
[White "Hakobyan, Aram"]
[Black "Harutyunian, Tigran K"]
[Result "1-0"]
[WhiteElo "2545"]
[BlackElo "2504"]
[PlyCount "55"]
[EventDate "2018.08.09"]
[EventType "tourn"]
[EventRounds "13"]
[EventCountry "ARM"]
[EventCategory "5"]
[SourceTitle "CBM 186 Extra"]
[Source "ChessBase"]
[SourceDate "2018.08.24"]
[SourceVersion "1"]
[SourceVersionDate "2018.08.24"]
[SourceQuality "1"]

1. Nf3 d5 2. g3 Bg4 3. Bg2 Nd7 4. c4 dxc4 5. Na3 c6 6. Nxc4 Ngf6 7. d4 e6 8. O-O Be7 9. Qb3 Nb6 10. Nce5 Bh5 11. Re1 $146 ({RR} 11. Bg5 O-O 12. Rfe1 Ne4 13. Bxe7 Qxe7 14. g4 Bg6 15. h4 h5 16. Nxg6 fxg6 17. g5 Kh7 18. e3 Nd5 19. Ne5 Nxf2 20. Qc2 Qe8 21. Bf3 Rxf3 22. Nxf3 Ng4 23. Qe4 Qf8 24. Re2 Re8 25. Rf1 Qf5 {Pavlov,S (2415)-Khaiminov,A (2201) Rodatychi 2006 0-1 (62)}) 11... O-O 12. e4 a5 13. Bd2 a4 14. Qc2 Nbd7 15. Bc3 Qb6 16. d5 Nxe5 17. Nxe5 cxd5 18. exd5 exd5 19. g4 d4 20. Bd2 Bxg4 21. Nxg4 Nxg4 22. Qe4 Qxb2 23. Qxg4 Ra6 24. Qe2 d3 25. Qxd3 Bf6 26. Rab1 Qxa2 27. Bb4 Rb8 28. Bd5 1-0

[Event "Saint Louis Blitz"]
[Site "Saint Louis"]
[Date "2018.08.14"]
[Round "7"]
[White "Grischuk, Alexander"]
[Black "Caruana, Fabiano"]
[Result "1-0"]
[WhiteElo "2766"]
[BlackElo "2822"]
[PlyCount "98"]
[EventDate "2018.08.11"]
[EventType "tourn (blitz)"]
[EventRounds "18"]
[EventCountry "USA"]
[EventCategory "21"]
[SourceTitle "CBM 186"]
[Source "ChessBase"]
[SourceDate "2018.09.14"]
[SourceVersion "1"]
[SourceVersionDate "2018.09.14"]
[SourceQuality "1"]

1. Nf3 d5 2. b3 Bg4 3. e3 Nd7 4. Bb2 Ngf6 5. h3 Bh5 6. g4 Bg6 7. Nh4 e5 8. d3 c6 9. Nd2 Bd6 10. Bg2 ({RR} 10. Qe2 a5 11. a3 Qe7 12. Bg2 Nc5 13. Nxg6 hxg6 14. h4 Qd7 15. Bh3 Rxh4 16. O-O-O Qe7 17. g5 Nfd7 18. Bxd7+ Nxd7 19. Rxh4 Bxa3 20. Rg1 a4 21. Rxa4 Rxa4 22. bxa4 Qb4 23. Nb3 Bxb2+ 24. Kxb2 Nc5 {Martin Duque,J (2336)-Rosen,E (2361) chess.com INT 2024 1-0 (69)}) 10... O-O 11. Qe2 $146 ({RR} 11. Nxg6 hxg6 12. h4 Nc5 13. g5 Nh7 14. Qg4 Qd7 15. Qxd7 Nxd7 16. c4 dxc4 17. Nxc4 Bc7 18. Bh3 Nc5 19. O-O-O e4 20. dxe4 Nxe4 21. Rhf1 Rfd8 22. Bg2 Rxd1+ 23. Kxd1 Nd6 24. Nxd6 Bxd6 25. Ke2 Nf8 {Fauland,A (2436)-Michalik,P (2455) Austria 2010 1-0 (51)}) 11... a5 12. a3 Re8 13. Nxg6 hxg6 14. g5 Nh5 15. Qg4 e4 16. dxe4 Be5 17. O-O-O Bxb2+ 18. Kxb2 Ne5 19. Qh4 d4 20. Nf3 a4 21. Rxd4 Qb6 22. Rb4 Qc5 23. Nxe5 Qxe5+ 24. Kb1 c5 25. Rxa4 Rxa4 26. bxa4 Ra8 27. Qg4 Rxa4 28. Qc8+ Kh7 29. Qxb7 c4 30. Ka2 Qxg5 31. Bf3 Nf6 32. h4 Qa5 33. Qb2 Qd2 34. e5 Nd7 35. h5 g5 36. Be4+ Kh6 37. Qd4 Qa5 38. Qd6+ f6 39. exf6 Nxf6 40. Bc6 Qb6 41. f4 g4 42. Rb1 Qa6 43. Rb8 Kh7 44. Qc5 Rxa3+ 45. Qxa3 Qxc6 46. Qa8 Qxa8+ 47. Rxa8 g3 48. Rd8 Ne4 49. Ka3 Nc3 1-0